000 01979cas a2200481 i 4500
001 195460
003 SpMaBN
005 20250827075023.0
007 co*cg|||||||||
008 240614d18761890sp uu sq 0 b0spa
017 _aM 50619-2009
_bOficina Depósito Legal Madrid
017 _aM 45528-2009
020 _a9788477904960
035 _a(OCoLC)733127553
035 _aa4703285
040 _aSpMaBN
_bspa
_cSpMaBN
_erdc
_dES-MaACL
080 _a72
080 _a62
130 0 _aAnales de la construcción y de la industria (Madrid, CD-ROM)
_9237019
245 1 0 _aAnales de la construcción y de la industria
_h[Recurso electrónico]
260 _a[Madrid]
_bCentro de Estudios Históricos de Obras Públicas y Urbanismo
_cD.L. 2009
300 _a1 CD-ROM ;
_c12 cm +
_e1 folleto (47 p.)
336 _aTexto (visual)
_2rdacontent
337 _aelectrónico
_2rdamedia
338 _2rdacarrier
_avolumen
362 0 _aAño 1, n. 1 (10 abr. 1876)-año 15, n. 24 (25 dic. 1890)
490 0 _aDocumentos para la historia de la ingenieria
580 _aReproducción digital de la publicación quincenal: Madrid : Anales de la Construcción y de la Industria, 1876-1890
594 _aTítulo tomado de la pantalla del título
650 4 _aArquitectura
_2embne
_99986
650 7 _aIngeniería
_2embne
_913767
655 7 _9226866
_aRevistas
_2tgfbne
710 2 _aCentro de Estudios Históricos de Obras Públicas y Urbanismo
_92644
775 1 _tAnales de la construcción y de la industria (Madrid)
_w111
852 _aES-MaACL
_cROT
_9203526
_jROT 6/3/25
852 _aES-MaACL
_cDES
_9203527
_jFOLL.DB-12
942 _2udc
_n0
956 _a1 2
980 _aM 50619-2009
_aSpMaBN
_bBNALCALA
_jAHSCD/2139
_cCONSERVACI
_81
_a(year)
_80
_a1876-1890
_81.1
_a1876/1890
980 _aM 50619-2009
_aSpMaBN
_bBNMADRID
_jREVCD/2182
_cSALA_SPR
_81
_a(year)
_80
_a1876-1890
_81.1
_a1876/1890
999 _c195460
_d195460